| 000 | 01126nam a22003257a 4500 | ||
|---|---|---|---|
| 003 | CHAP | ||
| 005 | 20220329140531.0 | ||
| 008 | 971013s1976 r 00010 d | ||
| 010 | _a53478 | ||
| 011 | _a54450 | ||
| 035 | _a58601 | ||
| 040 | _cCHAP | ||
| 090 | _aTesis | ||
| 100 | 0 | 0 |
_aRubí Chávez, Elisa Margarita. _9100507 |
| 245 | _aFrecuencia e identificación de especies del género (Eimeria) en conejos del Centro de Orientación Agropecuaria de la S. A. G. | ||
| 260 |
_aMéxico, D. F. : _bEl autor, _c1976 |
||
| 300 | _a38 h. | ||
| 502 | _aTesis (Médico Veterinario Zootecnista) -- UNAM. Facultad de Medicina Veterinaria y Zootecnia | ||
| 590 |
_aALEPH _b10 _c20130110 _lUCH01 _h1330 |
||
| 590 |
_aBATCH-UPD _b10 _c20130110 _lUCH01 _h0035 |
||
| 590 |
_aBATCH-UPD _b10 _c20130110 _lUCH01 _h0616 |
||
| 590 |
_aBATCH-UPD _b10 _c20130409 _lUCH01 _h2019 |
||
| 590 |
_aBATCH-UPD _b10 _c20130914 _lUCH01 _h1029 |
||
| 590 |
_aCONVERSION _b10 _c20130109 _lUCH01 _h1329 |
||
| 650 | 1 | 4 |
_aConejos _xParásitos. _926373 |
| 650 | 1 | 4 |
_aEimeria. _935809 |
| 901 | _aBK | ||
| 942 | _cTESIS | ||
| 949 |
_bBC _cTES _d-127144 _eTS1 _i58601 _si |
||
| 999 |
_c53478 _d53478 |
||